Which is an Arab country? - Sudden Death - Statistics

General Stats
  • This quiz has been taken 58 times
  • The average score is 9 of 21
Answers on the Grid
Answers color-coded by a green-red scale on the quiz's grid according to % correct below.
Comoros
Seychelles
Chad
Egypt
Oman
Yemen
Eritrea
Ethiopia
Morocco
Djibouti
Mauritania
Mali
Qatar
Bahrain
Algeria
Central African Republic
Turkey
Syria
Israel
Jordan
Lebanon
Iran
Iraq
Niger
Nigeria
Saudi Arabia
Tunisia
Sudan
South Sudan
Maldives
Libya
United Arab Emirates
Somalia
Senegal
Cyprus
Kenya
Kuwait
Togo
Benin
 
Answer Stats
Answer % Correct
Egypt
73%
Yemen
70%
Oman
65%
Qatar
62%
Morocco
54%
Syria
54%
Bahrain
51%
Comoros
51%
Iraq
49%
Jordan
49%
Lebanon
46%
Saudi Arabia
46%
Algeria
43%
United Arab Emirates
41%
Kuwait
38%
Tunisia
38%
Libya
32%
Sudan
27%
Mauritania
22%
Djibouti
19%
Somalia
11%
No matching quizzes found
Score Distribution
Percent of People with Each Score
Percentile by Number Answered
Your Score History
You have not taken this quiz